15 Plus grandes villes de Belgique (avec une carte) - Statistiques

Statistiques générales
  • Ce quiz a été pris 117 fois
    83 depuis la dernière actualisation
  • Le résultat moyen est 9 sur 15
Réponses sur la Carte
Les réponses sont colorées sur une échelle allant du rouge au vert en fonction du pourcentage des utilisateurs qui les ont devinées à leur premier essai. Vous pouvez retrouver ces pourcentages ci-dessous.
 
Statistiques - réponses
Région Ville Population % Correct
Arrondissement de Bruxelles Bruxelles 200 mille
99%
Wallonie Liège 195 mille
95%
Flandre Bruges 120 mille
93%
Flandre Anvers 560 mille
92%
Wallonie Charleroi 205 mille
81%
Flandre Gand 270 mille
76%
Wallonie Namur 115 mille
66%
Wallonie Mons 95 mille
59%
Arrondissement de Bruxelles Anderlecht 125 mille
55%
Flandre Louvain 105 mille
49%
Arrondissement de Bruxelles Molenbeek-Saint-Jean 100 mille
41%
Flandre Malines 90 mille
31%
Flandre Hasselt 90 mille
26%
Arrondissement de Bruxelles Schaerbeek 130 mille
19%
Flandre Alost 90 mille
11%
Aucun quiz correspondant
Distribution des résultats
% des personnes avec chaque résultat
Percentile par nombre de réponses
Votre historique - résultats
Vous n’avez pas pris ce quiz depuis la dernière actualisation